000 00650nam a2200265Ia 4500
005 20260121172047.0
008 008 260114s9999 xx 000 0 eng d
020 _a9783030576387
037 _aEBOOK
040 _aCRL
040 _beng
040 _cCRL
041 _2eng
041 _aeng
084 _qCRL
100 _aYoung W. Kwon
_91083794
245 0 _aFluid-Structure Interaction of Composite Structures
260 _bSpringer
260 _bSpringer
260 _c2020
856 _uhttps://link.springer.com/openurl?genre=book&isbn=978-3-030-57638-7
942 _cEBOOK
999 _c1649528
_d1649528